00945nam a2200205 a 450000100100000000500170001000800410002702000180006804000250008608200210011110000270013224502020015926001120036130000280047350000570050165000320055865100580059065100550064870000360070300000302220260520104305.0090706s2008 dr a 000 0 spa d a9789945427424 aDO-SdBNPbspacBNPHU a327.97293bM971L1 aMuñoz, María Elena13aLa política internacional europea y sus efectos en la isla de Santo Domingo, siglos XVI-XIX /cMaría Elena Muñoz ; editor Héctor Luis Martínez ; presentación Bolívar Troncoso Morales. aSanto Domingo :bInstituto Panamericano de Geografía e Historia. Sección Nacional de Dominicana,c2008. a241 p. :bil. ;c23 cm. aIncluye datos biográficos del autor en las solapas 0aRelaciones internacionales  4aRepublica DominicanaxRelaciones ExterioresyHISTORIA 4aRepublica DominicanaxPolitica EconomicayHISTORIA12aMartínez, Héctor Luis,eed.